000 00300nam a22001337a 4500
008 170206b xxu||||| |||| 00| 0 eng d
020 _a9781416058243
041 _aeng
080 _a61
100 _a3
101 _aSHM
245 _aCLINICS LABORATORY MEDICINE
_cJAMES .H.HARRISON
942 _2udc
_cBK
999 _c4710
_d4710